000 00332 a2200145 4500
082 _a658.1511
090 _c2674
_d2674
100 _aNoreen,Garrision
245 _aManagerial Accounting
_cGarrision Noreen
250 _a10th
260 _aNew Delhi
300 _a836p
500 _aPaper cover
942 _aNBS
_cBK
_k658.1511 NOR
999 _c345166
_d345166